书目信息 |
| 题名: |
解剖刀下的风景
|
|
| 作者: | 余凤高 著 | |
| 分册: | ||
| 出版信息: | 济南 山东画报出版社 2000.07 |
|
| 页数: | 368页 | |
| 开本: | 32开 | |
| 丛书名: | ||
| 单 册: | ||
| 中图分类: | R33-49 | |
| 科图分类: | ||
| 主题词: | 人体生理学 | |
| 电子资源: | ||
| ISBN: | 7-80603-453-6 | |
| 000 | 00544nam0 2200193 45 | |
| 001 | 0012111727 | |
| 005 | 20001211172112.7 | |
| 010 | @a7-80603-453-6@d22.00元 | |
| 100 | @a20001211d2000 km y0chiy0120 ea | |
| 101 | 0 | @achi |
| 105 | @a z 000yy | |
| 200 | 1 | @a解剖刀下的风景@AJie Pou Dao Xia De Feng Jing@f余凤高著@FYu Feng Gao Zhu |
| 210 | @a济南@c山东画报出版社@d2000.07 | |
| 215 | @a368页@d32开 | |
| 606 | 0 | @a人体生理学 |
| 690 | @aR33-49@v3 | |
| 701 | 0 | @a余凤高@4著 |
| 801 | @aCN@bPftUser@c20001211 | |
| 905 | @b305883-884@dR33-49@eY266@f2 | |
| 解剖刀下的风景/余凤高著.-济南:山东画报出版社,2000.07 |
| 368页;32开 |
| ISBN 7-80603-453-6:22.00元 |
| ● |
| 相关链接 |
|
|
|
正题名:解剖刀下的风景
索取号:R33-49/Y266
 
预约/预借
| 序号 | 登录号 | 条形码 | 馆藏地/架位号 | 状态 | 备注 |
| 1 | 305883 | 203058831 | 自科库401/401自科库 14排2列4层/ [索取号:R33-49/Y266] | 在馆 | |
| 2 | 305884 | 203058840 | 自科库401/401自科库 14排2列4层/ [索取号:R33-49/Y266] | 在馆 |